[Event "XXXIV Festival Conca della Presolana Open A"]
[Site "Bratto - Castione della Presolana ITA"]
[Date "2014.08.27"]
[Round "5"]
[White "Oppici, Gabriele"]
[Black "Oteri, Aldo"]
[WhiteElo "1963"]
[BlackElo "1752"]
[Result "1-0"]
[PlyCount "69"]
[EventDate "2014.08.23"]

1. d4 Nf6 2. Nf3 b6 3. Bf4 Bb7 4. e3 e6 5. Bd3 Ne4 6. O-O Be7 7. c4 O-O 8. Qc2
d5 9. cxd5 exd5 10. Bxc7 Qc8 11. Bxb8 Qxc2 12. Bxc2 Raxb8 13. Bd3 Rbc8 14. Nbd2
Rc7 15. Rac1 Rfc8 16. Nb3 a5 17. Rxc7 Rxc7 18. Rc1 Rxc1+ 19. Nxc1 g5 20. Ne2 h5
21. Nc3 Nxc3 22. bxc3 f6 23. Kf1 Kg7 24. Ke2 Bd6 25. g3 Kh6 26. Nd2 g4 27. e4
dxe4 28. Bxe4 Bxe4 29. Nxe4 Be7 30. c4 f5 31. Nc3 Kg6 32. Nd5 Bd8 33. c5 bxc5
34. dxc5 Kf7 35. c6 1-0

[Event "XXXIV Festival Conca della Presolana Open A"]
[Site "Bratto - Castione della Presolana ITA"]
[Date "2014.08.27"]
[Round "5"]
[White "Papa, Angelo"]
[Black "D'Amato, Piergiorgio"]
[WhiteElo "1754"]
[BlackElo "1833"]
[Result "1/2-1/2"]
[PlyCount "40"]
[EventDate "2014.08.23"]

1. d4 Nf6 2. c4 c6 3. Nc3 d5 4. cxd5 cxd5 5. Nf3 Nc6 6. Bf4 Qb6 7. Na4 Qa5+ 8.
Bd2 Qd8 9. e3 Bf5 10. Rc1 e6 11. Bb5 Rc8 12. Ne5 Qd6 13. a3 Nd7 14. Bb4 Qb8 15.
Bxf8 Rxf8 16. Bxc6 bxc6 17. Nxd7 Kxd7 18. O-O Kd6 19. Qd2 Qb5 20. Nc5 a5
1/2-1/2

[Event "XXXIV Festival Conca della Presolana Open A"]
[Site "Bratto - Castione della Presolana ITA"]
[Date "2014.08.27"]
[Round "5"]
[White "Romagnoli, Thomas"]
[Black "Rorato, Renzo"]
[WhiteElo "1708"]
[BlackElo "2012"]
[Result "0-1"]
[PlyCount "94"]
[EventDate "2014.08.23"]

1. e4 c5 2. Nf3 Nf6 3. Nc3 Nc6 4. d4 d5 5. exd5 Nxd5 6. Bc4 Nxc3 7. bxc3 e6 8.
O-O Be7 9. Be3 O-O 10. Re1 Na5 11. Be2 b6 12. Rb1 Qc7 13. Qc1 Bb7 14. dxc5 Bxc5
15. Nd4 Bd5 16. Nb3 Bxe3 17. Qxe3 Nc4 18. Qd4 Rac8 19. Bd3 Na3 20. Rbc1 a5 21.
Re3 g6 22. Qh4 Qd8 23. Qd4 Nc4 24. Re2 Qg5 25. f4 Qd8 26. Be4 Bxe4 27. Qxe4 Qf6
28. Nd4 Rfd8 29. Rf1 Rd5 30. Rf3 Nd6 31. Qe3 Rdc5 32. Qd2 Ne8 33. g4 Rd5 34.
Qe1 Nd6 35. Qg3 Nb5 36. Nxb5 Rxb5 37. Ref2 Rc4 38. f5 exf5 39. gxf5 Rb1+ 40.
Kg2 g5 41. Re2 Rc1 42. Ref2 Kg7 43. Re2 h5 44. h3 h4 45. Qf2 Rxc3 46. Rxc3 Qxc3
47. Qf3 Rg1+ 0-1

[Event "XXXIV Festival Conca della Presolana Open A"]
[Site "Bratto - Castione della Presolana ITA"]
[Date "2014.08.27"]
[Round "5"]
[White "Saracco, Marco"]
[Black "Listello, Massimiliano"]
[WhiteElo "1840"]
[BlackElo "1787"]
[Result "0-1"]
[PlyCount "78"]
[EventDate "2014.08.23"]

1. d4 e6 2. Nf3 f5 3. g3 Nf6 4. Bg2 Be7 5. O-O O-O 6. c4 d6 7. b3 Qe8 8. Bb2
Qh5 9. Nbd2 g5 10. h3 g4 11. hxg4 Nxg4 12. e3 Nd7 13. Re1 c6 14. Nf1 d5 15. Ne5
Rf6 16. f3 Ngxe5 17. dxe5 Rh6 18. f4 Qg6 19. Qf3 Nc5 20. Ba3 Kf8 21. Bxc5 Bxc5
22. Red1 b6 23. Rac1 Ba6 24. cxd5 cxd5 25. Rd2 Qg7 26. Rcd1 Rg6 27. Kf2 Rb8 28.
Rc2 Bb7 29. Qe2 Kg8 30. Rcd2 Kh8 31. Bf3 Rg8 32. Bh5 Rxg3 33. Bf3 d4 34. Bxb7
dxe3+ 35. Nxe3 Bxe3+ 36. Qxe3 Rxe3 37. Bf3 Rxf3+ 38. Kxf3 Qg3+ 39. Ke2 Qxf4 0-1

[Event "XXXIV Festival Conca della Presolana Open A"]
[Site "Bratto - Castione della Presolana ITA"]
[Date "2014.08.27"]
[Round "5"]
[White "Scagliotti, Guglielmo"]
[Black "Gennaro, Isabella"]
[WhiteElo "1910"]
[BlackElo "1819"]
[Result "1-0"]
[PlyCount "31"]
[EventDate "2014.08.23"]

1. e4 c5 2. c3 Nc6 3. d4 cxd4 4. cxd4 d5 5. exd5 Qxd5 6. Nf3 Bg4 7. Be2 Nf6 8.
Nc3 Qd8 9. d5 Bxf3 10. Bxf3 Ne5 11. O-O g6 12. Bf4 Nxf3+ 13. Qxf3 Nh5 14. Nb5
Nxf4 15. Qxf4 Rc8 16. d6 1-0

[Event "XXXIV Festival Conca della Presolana Open A"]
[Site "Bratto - Castione della Presolana ITA"]
[Date "2014.08.27"]
[Round "5"]
[White "Villa, Claudio"]
[Black "Mortola, Alberto"]
[WhiteElo "1796"]
[BlackElo "1949"]
[Result "1/2-1/2"]
[PlyCount "43"]
[EventDate "2014.08.23"]

1. d4 b5 2. e3 Bb7 3. Nf3 b4 4. c3 e6 5. cxb4 Bxb4+ 6. Bd2 Qe7 7. Nc3 Nf6 8. a3
Bxc3 9. Bxc3 O-O 10. Be2 Ne4 11. O-O c5 12. Rc1 Nxc3 13. Rxc3 cxd4 14. Nxd4 Nc6
15. Bf3 Rac8 16. Nxc6 Bxc6 17. Bxc6 Rxc6 18. Rxc6 dxc6 19. Qa4 c5 20. Rd1 Rd8
21. Rxd8+ Qxd8 22. h3 1/2-1/2

[Event "XXXIV Festival Conca della Presolana Open A"]
[Site "Bratto - Castione della Presolana ITA"]
[Date "2014.08.28"]
[Round "6"]
[White "Bettini, Alessandro"]
[Black "Villa, Claudio"]
[WhiteElo "1829"]
[BlackElo "1796"]
[Result "1/2-1/2"]
[PlyCount "65"]
[EventDate "2014.08.23"]

1. c4 c5 2. Nc3 Nc6 3. g3 Nf6 4. Bg2 e6 5. e4 d6 6. d3 Be7 7. Nge2 O-O 8. O-O
a6 9. h3 Qc7 10. Be3 Rb8 11. a4 Rd8 12. Qd2 b6 13. f4 Nb4 14. f5 exf5 15. exf5
Bb7 16. Nf4 Bxg2 17. Qxg2 Qb7 18. Rf2 Qxg2+ 19. Kxg2 d5 20. Na2 Nc6 21. Re1 d4
22. Bd2 Bd6 23. Rfe2 Kf8 24. Nc1 b5 25. axb5 axb5 26. b3 bxc4 27. bxc4 Nb4 28.
Bxb4 Rxb4 29. Kf3 g5 30. fxg6 hxg6 31. h4 Bc7 32. g4 Rb1 33. Na2 1/2-1/2

[Event "XXXIV Festival Conca della Presolana Open A"]
[Site "Bratto - Castione della Presolana ITA"]
[Date "2014.08.28"]
[Round "6"]
[White "Bex, Lennert"]
[Black "Iasman, Inna"]
[WhiteElo "1882"]
[BlackElo "1945"]
[Result "1/2-1/2"]
[PlyCount "43"]
[EventDate "2014.08.23"]

1. c4 c6 2. d4 d5 3. b3 Nf6 4. Nf3 Bf5 5. Nc3 e6 6. Bd2 Nbd7 7. e3 h6 8. Be2
Bd6 9. c5 Bc7 10. b4 e5 11. dxe5 Nxe5 12. Nd4 Nd3+ 13. Bxd3 Bxd3 14. Na4 O-O
15. Nb2 Bg6 16. O-O Bh5 17. f3 Re8 18. Ne2 Be5 19. Nd4 Bg6 20. Bc3 Qe7 21. Nd3
Bc7 22. Nc2 1/2-1/2

[Event "XXXIV Festival Conca della Presolana Open A"]
[Site "Bratto - Castione della Presolana ITA"]
[Date "2014.08.28"]
[Round "6"]
[White "Coqueraut, Jean Dominique"]
[Black "Lavorgna, Filippo"]
[WhiteElo "1794"]
[BlackElo "1753"]
[Result "0-1"]
[PlyCount "82"]
[EventDate "2014.08.23"]

1. d4 Nf6 2. c4 e6 3. Nf3 d5 4. e3 Be7 5. Nc3 O-O 6. Bd3 b6 7. cxd5 exd5 8. O-O
Ba6 9. a3 Bxd3 10. Qxd3 c5 11. b3 Nbd7 12. Bb2 Qc7 13. Rac1 Qb7 14. Rfe1 Rfe8
15. e4 cxd4 16. Nxd4 Nc5 17. Qb5 dxe4 18. Rc2 Nd3 19. Ree2 Nxb2 20. Rxb2 Bxa3
21. Rbd2 Rac8 22. Nd1 Bc5 23. Nf5 a6 24. Qa4 b5 25. Qa1 Red8 26. Nde3 Bb4 27.
Rxd8+ Rxd8 28. g3 Qc6 29. Kg2 g6 30. Nh6+ Kg7 31. Nhg4 Bc3 32. Qc1 Nxg4 33.
Nxg4 e3+ 34. f3 Rd2 35. Rxd2 exd2 36. Qd1 Qe6 37. Nf2 Qe1 38. Qc2 Bd4 39. Nd1
Qe2+ 40. Kh3 h5 41. Qe4 Qf1+ 0-1

[Event "XXXIV Festival Conca della Presolana Open A"]
[Site "Bratto - Castione della Presolana ITA"]
[Date "2014.08.28"]
[Round "6"]
[White "D'Amato, Piergiorgio"]
[Black "Franciosi, Claudio"]
[WhiteElo "1833"]
[BlackElo "1727"]
[Result "1/2-1/2"]
[PlyCount "72"]
[EventDate "2014.08.23"]

1. e4 e5 2. Nf3 Nc6 3. d4 exd4 4. Nxd4 Nxd4 5. Qxd4 d6 6. c4 Nf6 7. Nc3 Be7 8.
Be2 O-O 9. O-O b6 10. Be3 Ng4 11. Bc1 Ne5 12. f3 Be6 13. b3 Ng6 14. Be3 f5 15.
exf5 Bxf5 16. Ne4 Kh8 17. Rad1 Bd7 18. Qd2 Bc6 19. Bd3 Qe8 20. Rfe1 Ne5 21. Bd4
Nxd3 22. Qxd3 Qf7 23. Nc3 Rae8 24. Nd5 Bxd5 25. cxd5 Kg8 26. Qc3 Bg5 27. Qc4
Rxe1+ 28. Rxe1 Re8 29. Rxe8+ Qxe8 30. Kf2 Qf7 31. Qa6 Bf6 32. Bxf6 Qxf6 33.
Qc8+ Kf7 34. Qxc7+ Kg6 35. Qc2+ Qf5 36. Qd2 Kf6 1/2-1/2

[Event "XXXIV Festival Conca della Presolana Open A"]
[Site "Bratto - Castione della Presolana ITA"]
[Date "2014.08.28"]
[Round "6"]
[White "Dormio, Luca"]
[Black "Cerutti, Fabio Maria"]
[WhiteElo "1840"]
[BlackElo "1761"]
[Result "0-1"]
[PlyCount "76"]
[EventDate "2014.08.23"]

1. b3 e5 2. Bb2 d6 3. e3 g6 4. f4 Bg7 5. Nf3 Nc6 6. Bb5 Bg4 7. Bxc6+ bxc6 8. h3
Bxf3 9. Qxf3 Ne7 10. Nc3 O-O 11. O-O-O d5 12. g4 e4 13. Qf2 h6 14. f5 Bf6 15.
h4 Kg7 16. g5 Bxc3 17. gxh6+ Kh7 18. Bxc3 Nxf5 19. Rdg1 Rg8 20. h5 Qd7 21. Qg2
a5 22. a4 c5 23. Bg7 Qd6 24. Qg5 Nxg7 25. hxg6+ fxg6 26. hxg7+ Kxg7 27. Qh6+
Kf6 28. Rxg6+ Rxg6 29. Rf1+ Ke7 30. Qh7+ Kd8 31. Qh8+ Kd7 32. Qxa8 Qe5 33. Rf7+
Kd6 34. Qd8+ Kc6 35. Qd7+ Kb7 36. Qb5+ Rb6 37. d4 cxd4 38. exd4 Qg5+ 0-1

[Event "XXXIV Festival Conca della Presolana Open A"]
[Site "Bratto - Castione della Presolana ITA"]
[Date "2014.08.28"]
[Round "6"]
[White "Dubois, Martine"]
[Black "Guerini, Silvia jr"]
[WhiteElo "2003"]
[BlackElo "1858"]
[Result "1-0"]
[PlyCount "45"]
[EventDate "2014.08.23"]

1. e4 c6 2. c4 d5 3. cxd5 cxd5 4. exd5 Nf6 5. Nf3 Nxd5 6. Nc3 Nxc3 7. bxc3 Nc6
8. Bc4 e6 9. d4 Qc7 10. O-O Be7 11. Bd3 O-O 12. Re1 h6 13. Bd2 Bd7 14. Ne5 Nxe5
15. dxe5 f6 16. Bxh6 Bc5 17. Be3 Qxe5 18. Bd4 Qg5 19. h4 Qd5 20. Be4 Qc4 21.
Bxc5 Qxc5 22. Qxd7 Rfe8 23. Qd4 1-0

[Event "XXXIV Festival Conca della Presolana Open A"]
[Site "Bratto - Castione della Presolana ITA"]
[Date "2014.08.28"]
[Round "6"]
[White "Foglieni, Matteo"]
[Black "Oppici, Gabriele"]
[WhiteElo "1961"]
[BlackElo "1963"]
[Result "0-1"]
[PlyCount "114"]
[EventDate "2014.08.23"]

1. c4 Nc6 2. Nc3 e5 3. g3 Bc5 4. Bg2 Nf6 5. e3 d6 6. Nge2 a5 7. h3 O-O 8. O-O
Bf5 9. d4 Ba7 10. a3 h6 11. b3 Qd7 12. Kh2 Rfe8 13. d5 Ne7 14. e4 Bh7 15. Be3
Bxe3 16. fxe3 c6 17. g4 Qc7 18. a4 Qb6 19. dxc6 bxc6 20. Ng3 Bg6 21. Rf3 Rab8
22. Rb1 Qb4 23. Rxf6 gxf6 24. Na2 Qc5 25. Qf3 Kg7 26. Rf1 Ng8 27. Nc1 d5 28.
Nf5+ Kh7 29. exd5 cxd5 30. cxd5 Rbd8 31. e4 Rc8 32. Ne2 Qb4 33. h4 Red8 34.
Nfg3 Kg7 35. g5 Qf8 36. h5 Bh7 37. gxh6+ Kh8 38. Bh3 Rc7 39. Qe3 Rd6 40. Rc1
Rxc1 41. Qxc1 Nxh6 42. Nc3 Qg7 43. Nb5 Rd8 44. Qd1 Rg8 45. Qe1 Ng4+ 46. Kg2 Qg5
47. Nd6 Ne3+ 48. Kh2 Rf8 49. Qe2 Qf4 50. Nc4 Nxc4 51. bxc4 Rg8 52. Qe1 Bxe4 53.
d6 Bc6 54. c5 e4 55. Bf5 e3 56. Bh3 e2 57. d7 Bxd7 0-1

[Event "XXXIV Festival Conca della Presolana Open A"]
[Site "Bratto - Castione della Presolana ITA"]
[Date "2014.08.28"]
[Round "6"]
[White "Gagliardi, Claudio"]
[Black "Girgenti, Giuseppe"]
[WhiteElo "1779"]
[BlackElo "1960"]
[Result "1-0"]
[PlyCount "65"]
[EventDate "2014.08.23"]

1. e4 e5 2. Nf3 Nc6 3. Bb5 a6 4. Ba4 Nf6 5. O-O Be7 6. Re1 b5 7. Bb3 d6 8. c3
Bg4 9. d3 O-O 10. Nbd2 Na5 11. Bc2 c5 12. Nf1 Re8 13. Ne3 Bd7 14. d4 Bf8 15. d5
g6 16. h3 Qc8 17. Nh2 Nb7 18. Qf3 Bg7 19. Neg4 Nxg4 20. Nxg4 Bxg4 21. hxg4 Qd7
22. Qg3 Qe7 23. Qh3 Nd8 24. g3 b4 25. Kg2 f6 26. Rh1 Kf7 27. f4 Rh8 28. fxe5
dxe5 29. Bb3 Kf8 30. cxb4 cxb4 31. Bh6 Bxh6 32. Qxh6+ Ke8 33. Rac1 1-0

[Event "XXXIV Festival Conca della Presolana Open A"]
[Site "Bratto - Castione della Presolana ITA"]
[Date "2014.08.28"]
[Round "6"]
[White "Gardi, Giuseppe"]
[Black "Mascheroni, Maurizio"]
[WhiteElo "1965"]
[BlackElo "1996"]
[Result "1/2-1/2"]
[PlyCount "20"]
[EventDate "2014.08.23"]

1. d4 Nf6 2. c4 e6 3. Nf3 b6 4. g3 Bb7 5. Bg2 Bb4+ 6. Bd2 Bxd2+ 7. Qxd2 d6 8.
Nc3 Ne4 9. Nxe4 Bxe4 10. O-O O-O 1/2-1/2

[Event "XXXIV Festival Conca della Presolana Open A"]
[Site "Bratto - Castione della Presolana ITA"]
[Date "2014.08.28"]
[Round "6"]
[White "Gennaro, Isabella"]
[Black "Papa, Angelo"]
[WhiteElo "1819"]
[BlackElo "1754"]
[Result "1-0"]
[PlyCount "95"]
[EventDate "2014.08.23"]

1. e4 g6 2. d4 Bg7 3. Nc3 c6 4. Nf3 d6 5. a4 Nf6 6. Be3 O-O 7. Be2 Qc7 8. O-O
Bg4 9. Ng5 Bxe2 10. Qxe2 Nbd7 11. f4 e5 12. dxe5 dxe5 13. f5 Rad8 14. a5 h6 15.
Nh3 Rfe8 16. Bxa7 Bf8 17. Be3 g5 18. Bxg5 hxg5 19. Nxg5 Bc5+ 20. Kh1 Kf8 21.
Qc4 Re7 22. Qxf7+ Rxf7 23. Ne6+ Ke7 24. Nxc7 Rh8 25. h3 Rfh7 26. Rf3 Bd4 27. a6
bxa6 28. Rxa6 Ng4 29. Nd1 Ngf6 30. Rxc6 Nxe4 31. Nd5+ Kd8 32. c3 Bc5 33. Ra6
Kc8 34. b4 Kb7 35. Ra5 Bb6 36. Nxb6 Kxb6 37. Kg1 Rc8 38. Ra3 Rhh8 39. Ne3 Kb7
40. Ng4 Ra8 41. c4 Rxa3 42. Rxa3 Rf8 43. Ne3 Ng3 44. Rd3 Kc8 45. Nd5 Nxf5 46.
g4 e4 47. Ra3 e3 48. gxf5 1-0

[Event "XXXIV Festival Conca della Presolana Open A"]
[Site "Bratto - Castione della Presolana ITA"]
[Date "2014.08.28"]
[Round "6"]
[White "Guerini, Sara"]
[Black "Saracco, Marco"]
[WhiteElo "1766"]
[BlackElo "1840"]
[Result "1/2-1/2"]
[PlyCount "38"]
[EventDate "2014.08.23"]

1. e4 e6 2. d4 d5 3. exd5 exd5 4. Bd3 Bd6 5. Nf3 Nf6 6. O-O O-O 7. h3 h6 8. c3
c6 9. Nbd2 Nbd7 10. Re1 Re8 11. Rxe8+ Qxe8 12. Nf1 Nf8 13. Ng3 Ne6 14. Ne5 c5
15. Nf5 Bf8 16. Qf3 cxd4 17. Ng4 Nxg4 18. Qxg4 Ng5 19. Bxg5 Bxf5 1/2-1/2

[Event "XXXIV Festival Conca della Presolana Open A"]
[Site "Bratto - Castione della Presolana ITA"]
[Date "2014.08.28"]
[Round "6"]
[White "Listello, Massimiliano"]
[Black "Milanesi, Erminio"]
[WhiteElo "1787"]
[BlackElo "1794"]
[Result "1-0"]
[PlyCount "49"]
[EventDate "2014.08.23"]

1. e4 g6 2. d4 f6 3. h4 d5 4. Bd3 dxe4 5. Bxe4 f5 6. Bf3 h5 7. Bg5 Bh6 8. Qd2
Qd6 9. Ne2 c6 10. c4 Bxg5 11. Qxg5 Qf6 12. Nbc3 e6 13. Nf4 Qxg5 14. hxg5 Ne7
15. g4 h4 16. O-O-O Kf7 17. Rde1 Na6 18. d5 exd5 19. Rxe7+ Kxe7 20. Nxg6+ Kd6
21. Nxh8 fxg4 22. Be2 h3 23. cxd5 cxd5 24. Nf7+ Kc5 25. Nh6 1-0

[Event "XXXIV Festival Conca della Presolana Open A"]
[Site "Bratto - Castione della Presolana ITA"]
[Date "2014.08.28"]
[Round "6"]
[White "Mortola, Alberto"]
[Black "Scagliotti, Guglielmo"]
[WhiteElo "1949"]
[BlackElo "1910"]
[Result "1/2-1/2"]
[PlyCount "91"]
[EventDate "2014.08.23"]

1. Nf3 f5 2. e4 fxe4 3. Ng5 Nf6 4. d3 e5 5. Nc3 Nc6 6. dxe4 h6 7. Nf3 Bb4 8.
Bc4 d6 9. a3 Ba5 10. b4 Bb6 11. h3 Rf8 12. Bb2 Bd7 13. Qd3 g5 14. Na4 Nh5 15.
Nxb6 axb6 16. O-O-O Nf4 17. Qf1 Qf6 18. Ne1 O-O-O 19. f3 Be6 20. Bxe6+ Nxe6 21.
c3 Qf7 22. Qc4 Nf4 23. Qxf7 Rxf7 24. Kc2 Ne7 25. Bc1 Neg6 26. Be3 Rfd7 27. c4
Ne6 28. Kc3 Nef4 29. Rd2 c5 30. Nd3 Nxd3 31. Rxd3 Kc7 32. Rhd1 Nf4 33. R3d2 Ne6
34. a4 Nf4 35. Ra1 Ra8 36. Rda2 Ne6 37. a5 cxb4+ 38. Kxb4 bxa5+ 39. Rxa5 Rxa5
40. Rxa5 Nf4 41. Kb5 Nxg2 42. Bb6+ Kb8 43. Ba7+ Kc7 44. Bb6+ Kb8 45. Ba7+ Kc7
46. Bb6+ 1/2-1/2

[Event "XXXIV Festival Conca della Presolana Open A"]
[Site "Bratto - Castione della Presolana ITA"]
[Date "2014.08.28"]
[Round "6"]
[White "Oteri, Aldo"]
[Black "Boccalatte, Piero"]
[WhiteElo "1752"]
[BlackElo "1924"]
[Result "0-1"]
[PlyCount "66"]
[EventDate "2014.08.23"]

1. e4 c6 2. d4 d5 3. exd5 cxd5 4. c4 Nf6 5. Nc3 e6 6. Nf3 Bb4 7. Qc2 Nc6 8.
cxd5 Nxd5 9. Bc4 O-O 10. O-O Re8 11. Nxd5 exd5 12. Bd3 g6 13. h4 Be7 14. a3
Bxh4 15. Nxh4 Qxh4 16. Be3 Be6 17. Bb5 Rac8 18. Qd2 a6 19. Bg5 Qg4 20. f3 Qg3
21. Bf6 Qd6 22. Bxc6 Rxc6 23. Rac1 Rec8 24. Qh6 Qf8 25. Qf4 Bf5 26. Rxc6 Rxc6
27. g4 Rxf6 28. gxf5 Rxf5 29. Qc7 b5 30. Kf2 Qh6 31. Rg1 Qd2+ 32. Kg3 Rg5+ 33.
Kh3 Rh5+ 0-1

[Event "XXXIV Festival Conca della Presolana Open A"]
[Site "Bratto - Castione della Presolana ITA"]
[Date "2014.08.28"]
[Round "6"]
[White "Raselli, Claudio"]
[Black "Rizzi, Volfango"]
[WhiteElo "1867"]
[BlackElo "1850"]
[Result "1-0"]
[PlyCount "79"]
[EventDate "2014.08.23"]

1. Nf3 c5 2. c4 Nc6 3. g3 g6 4. Bg2 Bg7 5. O-O Nf6 6. Nc3 O-O 7. d4 cxd4 8.
Nxd4 h6 9. e3 e6 10. b3 d5 11. cxd5 Nxd5 12. Nxd5 Nxd4 13. exd4 exd5 14. Be3
Bf5 15. Qd2 Kh7 16. Rac1 Rc8 17. Rfe1 Qd7 18. Rxc8 Rxc8 19. Rc1 Rxc1+ 20. Qxc1
Qc6 21. Qxc6 bxc6 22. Bf1 Bf8 23. Ba6 Bb1 24. a4 Bc2 25. Bb7 Bxb3 26. Bxc6 Bc4
27. f3 Bb4 28. Kf2 Bc3 29. Bb5 Bxb5 30. axb5 Kg7 31. Ke2 f5 32. Kd3 Ba5 33. Bd2
Bb6 34. Bb4 Kf7 35. Bc5 Ke6 36. Ke3 Kf6 37. h4 Kg7 38. f4 h5 39. Bxb6 axb6 40.
Kf3 $138 1-0

[Event "XXXIV Festival Conca della Presolana Open A"]
[Site "Bratto - Castione della Presolana ITA"]
[Date "2014.08.28"]
[Round "6"]
[White "Romagnoli, Thomas"]
[Black "Nunziata, Vincenzo"]
[WhiteElo "1708"]
[BlackElo "1911"]
[Result "1-0"]
[PlyCount "71"]
[EventDate "2014.08.23"]

1. e4 d6 2. d4 Nf6 3. Nc3 c6 4. Bc4 b5 5. Bd3 Nbd7 6. Nf3 b4 7. Ne2 e5 8. O-O
Be7 9. Bd2 c5 10. c3 O-O 11. Ng3 bxc3 12. bxc3 cxd4 13. cxd4 exd4 14. Nxd4 Ne5
15. Bc2 d5 16. Bf4 Ng6 17. Nc6 Qd7 18. Nxe7+ Qxe7 19. Bg5 dxe4 20. Nxe4 Bb7 21.
Nxf6+ gxf6 22. Re1 Qc5 23. Bxf6 Qc6 24. Be4 Qxf6 25. Bxb7 Rab8 26. Qd7 Ne5 27.
Qd5 Ng6 28. Rab1 Rfd8 29. Qa5 Qd4 30. Qf5 Rd7 31. Bf3 Rbd8 32. h3 Rd6 33. Rbd1
Qb6 34. Rxd6 Qxd6 35. Qg5 Qd2 36. Re8+ 1-0

[Event "XXXIV Festival Conca della Presolana Open A"]
[Site "Bratto - Castione della Presolana ITA"]
[Date "2014.08.28"]
[Round "6"]
[White "Rorato, Renzo"]
[Black "Coppola, Federico"]
[WhiteElo "2012"]
[BlackElo "1904"]
[Result "1/2-1/2"]
[PlyCount "64"]
[EventDate "2014.08.23"]

1. Nf3 c5 2. c4 Nc6 3. Nc3 g6 4. e3 Nf6 5. d4 cxd4 6. exd4 d5 7. cxd5 Nxd5 8.
Qb3 e6 9. Bg5 f6 10. Bd2 Bg7 11. Bc4 Na5 12. Qa4+ Kf7 13. Be2 Bd7 14. Bb5 Nxc3
15. Bxc3 Nc6 16. Qd1 Ne7 17. Bd3 Bc6 18. Qe2 Nd5 19. Bd2 Qd6 20. g3 Nb6 21. Be4
Bxe4 22. Qxe4 Qd5 23. Qxd5 exd5 24. Rc1 Rhe8+ 25. Kd1 Bf8 26. Re1 Bd6 27. Kc2
Rac8+ 28. Kd3 Rxe1 29. Nxe1 Rxc1 30. Bxc1 Ke6 31. b3 Kf5 32. h3 Ke6 1/2-1/2

[Event "XXXIV Festival Conca della Presolana Open A"]
[Site "Bratto - Castione della Presolana ITA"]
[Date "2014.08.28"]
[Round "6"]
[White "Rossini, Fulvio"]
[Black "Pirrello, Christian"]
[WhiteElo "1930"]
[BlackElo "1691"]
[Result "1-0"]
[PlyCount "89"]
[EventDate "2014.08.23"]

1. e4 c6 2. d4 d5 3. e5 c5 4. dxc5 e6 5. Qg4 Qc7 6. Nf3 Qxc5 7. c3 Ne7 8. Bd3
Nd7 9. O-O Ng6 10. Re1 Qc7 11. Bf4 Nf6 12. Qg5 h6 13. exf6 Qxf4 14. Qxd5 a6 15.
Bxg6 fxg6 16. Nd4 Qc1 17. Qxe6+ Bxe6 18. Rxc1 Bd7 19. Re1+ Kf7 20. fxg7 Bxg7
21. Nd2 Rhd8 22. N2f3 Re8 23. Re3 Rxe3 24. fxe3 b5 25. Rd1 Ke7 26. Nh4 Be8 27.
Ne2 Bf6 28. Nf3 a5 29. Nf4 Kf7 30. Nd5 Bd8 31. Kf2 Ke6 32. Nf4+ Kf6 33. Rd6+
Ke7 34. Re6+ Kf8 35. Ne5 g5 36. Nfg6+ Bxg6 37. Rxg6 h5 38. Rh6 h4 39. Rh8+ Kg7
40. Re8 Rc8 41. Kf3 Kf6 42. Ke4 b4 43. c4 a4 44. Kd5 a3 45. b3 1-0

[Event "XXXIV Festival Conca della Presolana Open A"]
[Site "Bratto - Castione della Presolana ITA"]
[Date "2014.08.29"]
[Round "7"]
[White "Bex, Lennert"]
[Black "Foglieni, Matteo"]
[WhiteElo "1882"]
[BlackElo "1961"]
[Result "1/2-1/2"]
[PlyCount "70"]
[EventDate "2014.08.23"]

1. c4 c5 2. Nc3 Nc6 3. g3 g6 4. Bg2 Bg7 5. d3 d6 6. e3 e5 7. Nge2 Nge7 8. a3 a5
9. Bd2 Be6 10. Nd5 Bxd5 11. cxd5 Nb8 12. e4 Nd7 13. Qc1 O-O 14. Bh6 b5 15. h4
Bxh6 16. Qxh6 Kh8 17. h5 Ng8 18. Qd2 g5 19. Bh3 h6 20. O-O a4 21. Nc3 Rb8 22.
Qc2 Ngf6 23. Qe2 Rg8 24. Bf5 Ne8 25. Bxd7 Qxd7 26. g4 Nc7 27. f3 Rb7 28. Qc2
Ra8 29. b3 axb3 30. Qxb3 Rba7 31. Ra2 Ra5 32. Rfa1 Kg7 33. Kf2 R8a7 34. Ke2 Qd8
35. Qb2 Qd7 1/2-1/2

[Event "XXXIV Festival Conca della Presolana Open A"]
[Site "Bratto - Castione della Presolana ITA"]
[Date "2014.08.29"]
[Round "7"]
[White "Boccalatte, Piero"]
[Black "Gardi, Giuseppe"]
[WhiteElo "1924"]
[BlackElo "1965"]
[Result "1/2-1/2"]
[PlyCount "95"]
[EventDate "2014.08.23"]

1. d4 d6 2. c4 Nf6 3. Nc3 g6 4. e4 Bg7 5. Bd3 O-O 6. Nge2 c5 7. d5 e6 8. O-O
exd5 9. cxd5 Ng4 10. h3 Ne5 11. Bc2 Bd7 12. f4 Nc4 13. a4 f5 14. Bd3 Na5 15.
exf5 gxf5 16. Ng3 c4 17. Bc2 Qb6+ 18. Kh2 Na6 19. Qh5 Be8 20. Qg5 h6 21. Qe7
Bg6 22. Qe6+ Kh7 23. Bxf5 Bxf5 24. Nxf5 Nc5 25. Qxd6 Rxf5 26. Qe7 Nab3 27. Be3
Rc8 28. Rad1 Qd8 29. d6 Qxe7 30. dxe7 Re8 31. g4 Rf7 32. g5 Bxc3 33. bxc3 Nd3
34. f5 hxg5 35. Bxg5 Nbc5 36. f6 Ne4 37. Bh4 Nxc3 38. Rd2 Nd5 39. Rf5 Nxf6 40.
Rg2 Kh6 41. Rxf6+ Rxf6 42. Bxf6 b6 43. Rg4 c3 44. Rc4 Kg6 45. Bh4 Kh5 46. Bf6
Kg6 47. Bh4 Kh5 48. Bf6 1/2-1/2

[Event "XXXIV Festival Conca della Presolana Open A"]
[Site "Bratto - Castione della Presolana ITA"]
[Date "2014.08.29"]
[Round "7"]
[White "Dubois, Martine"]
[Black "Romagnoli, Thomas"]
[WhiteElo "2003"]
[BlackElo "1708"]
[Result "1-0"]
[PlyCount "87"]
[EventDate "2014.08.23"]

1. e4 e5 2. Nf3 Nc6 3. Nc3 Nf6 4. g3 Bc5 5. Bg2 d6 6. d3 h6 7. Na4 Bb6 8. Nxb6
axb6 9. h3 Be6 10. Be3 d5 11. exd5 Nxd5 12. O-O Qd7 13. Kh2 O-O 14. a3 f5 15.
Qe2 Rad8 16. Ng1 Bf7 17. Rae1 Qd6 18. Qd1 Nxe3 19. fxe3 Qc5 20. Rxf5 Bg6 21. b4
Qc3 22. Rxf8+ Rxf8 23. Qc1 e4 24. Ne2 Qe5 25. Nf4 Bh7 26. Rf1 g5 27. Nh5 exd3
28. Rxf8+ Kxf8 29. Qf1+ Ke7 30. cxd3 Qf5 31. d4 Qxf1 32. Bxf1 Bg6 33. g4 Bxh5
34. gxh5 Kf6 35. Kg3 Kf5 36. Kf3 Nd8 37. Bd3+ Ke6 38. Bc4+ Kf5 39. e4+ Kf6 40.
e5+ Kf5 41. Bd3+ Ke6 42. Ke4 Kf7 43. d5 Kg7 44. Kf5 1-0

[Event "XXXIV Festival Conca della Presolana Open A"]
[Site "Bratto - Castione della Presolana ITA"]
[Date "2014.08.29"]
[Round "7"]
[White "Franciosi, Claudio"]
[Black "Oteri, Aldo"]
[WhiteElo "1727"]
[BlackElo "1752"]
[Result "0-1"]
[PlyCount "80"]
[EventDate "2014.08.23"]

1. e4 e6 2. d4 d5 3. Nc3 Bb4 4. e5 c5 5. a3 Bxc3+ 6. bxc3 Ne7 7. a4 Qa5 8. Qd2
Bd7 9. Bb2 Nbc6 10. Nf3 Rc8 11. Be2 cxd4 12. cxd4 Nb4 13. c3 Nbc6 14. O-O O-O
15. Ba3 Qd8 16. Bd3 f5 17. exf6 Rxf6 18. Rfe1 Ng6 19. c4 Nf4 20. Bf1 dxc4 21.
Bxc4 Na5 22. Ba2 Bxa4 23. Rac1 Rxc1 24. Bxc1 Nb3 25. Qb4 Nxc1 26. Qxa4 Nxa2 27.
Qxa2 a5 28. Ng5 Qd5 29. Qxd5 exd5 30. Nf3 b5 31. Ne5 b4 32. g3 Nh3+ 33. Kg2
Nxf2 34. Nd7 Rd6 35. Ne5 Ne4 36. Rc1 Nc3 37. Nd3 Rb6 38. Kf1 h6 39. Ke1 Re6+
40. Ne5 Rf6 0-1